[Event "Pula op 32nd"]
[Site "Pula"]
[Date "2018.06.25"]
[Round "3"]
[White "Voscilla, Adriano"]
[Black "Loncar, Robert"]
[Result "1/2-1/2"]
[WhiteElo "2202"]
[BlackElo "2423"]
[PlyCount "106"]
[EventDate "2018.06.23"]
[EventType "swiss"]
[EventRounds "9"]
[EventCountry "CRO"]
[SourceTitle "CBM 185 Extra"]
[Source "ChessBase"]
[SourceDate "2018.07.29"]
[SourceVersion "1"]
[SourceVersionDate "2018.07.29"]
[SourceQuality "1"]

1. e4 c5 2. Nc3 e6 3. g3 Nc6 4. Nge2 Nf6 5. Bg2 Be7 6. 0-0 d6 7. d3 0-0 8. f4 d5 9. e5 Ne8 10. Kh1 f6 11. d4 cxd4 12. Nxd4 fxe5 13. Nxc6 bxc6 14. fxe5 Rxf1+ 15. Bxf1 Qc7 16. Bf4 Rb8 17. b3 g6 18. Qe2 Ng7 19. g4 Bd7 20. Bg2 Qa5 21. Qd3 Qb4 22. Ne4 Rf8 23. Bd2 Qb8 24. Nf6+ Bxf6 25. exf6 Rxf6 26. Bc3 e5 27. Qg3 Rf4 28. Re1 e4 29. Bb2 Qf8 30. h3 g5 31. c4 Ne6 32. cxd5 cxd5 33. Qc3 d4 34. Qc4 e3 35. Bd5 Qc8 36. Rd1 Qxc4 37. Bxc4 Kf8 38. Kg1 Ke8 39. Rf1 Re4 40. Bd5 Rf4 41. Bxe6 Bxe6 42. Rxf4 gxf4 43. Bxd4 a5 44. Kf1 h5 45. gxh5 Bxh3+ 46. Ke1 Kf7 47. a3 Bg4 48. b4 axb4 49. axb4 Bxh5 50. b5 Ke6 51. b6 Bf3 52. b7 Bxb7 53. Bxe3 fxe3 1/2-1/2

[Event "Pula op 32nd"]
[Site "Pula"]
[Date "2018.06.25"]
[Round "4"]
[White "Zufic, Miroslav"]
[Black "Voscilla, Adriano"]
[Result "1-0"]
[WhiteElo "2384"]
[BlackElo "2202"]
[PlyCount "55"]
[EventDate "2018.06.23"]
[EventType "swiss"]
[EventRounds "9"]
[EventCountry "CRO"]
[SourceTitle "CBM 185 Extra"]
[Source "ChessBase"]
[SourceDate "2018.07.29"]
[SourceVersion "1"]
[SourceVersionDate "2018.07.29"]
[SourceQuality "1"]

1. Nf3 Nf6 2. g3 d5 3. Bg2 Bf5 4. 0-0 e6 5. d3 Be7 6. c4 c6 7. Qb3 Qb6 8. Be3 Qxb3 9. axb3 Na6 10. Nd4 Kd7 11. Nxf5 exf5 12. Nc3 Ke6 13. cxd5+ Nxd5 14. Bd4 f6 15. Nxd5 cxd5 16. Ra5 Nb4 17. Rb5 Rhd8 18. Rxb7 Nc6 19. Be3 Rab8 20. Rc7 Ne5 21. Bd4 Rxb3 22. Ra1 Rb5 23. f4 Rd7 24. Ra6+ Kf7 25. Bxe5 Bc5+ 26. Kf1 Rxc7 27. Bxc7 Be3 28. b4 1-0

[Event "Pula op 30th"]
[Site "Pula"]
[Date "2016.09.17"]
[Round "9"]
[White "Mestek, Igor"]
[Black "Voscilla, Adriano"]
[Result "1-0"]
[WhiteElo "2110"]
[BlackElo "2186"]
[PlyCount "41"]
[EventDate "2016.09.10"]
[EventType "swiss"]
[EventRounds "9"]
[EventCountry "CRO"]
[SourceTitle "CBM 174 Extra"]
[Source "ChessBase"]
[SourceDate "2016.10.10"]
[SourceVersion "1"]
[SourceVersionDate "2016.10.10"]
[SourceQuality "1"]

1. e4 e5 2. Nf3 Nc6 3. Bb5 a6 4. Ba4 d6 5. Bxc6+ bxc6 6. d4 f6 7. Be3 Ne7 8. Nc3 Rb8 9. dxe5 fxe5 10. Qd3 Rxb2 11. Nxe5 dxe5 12. Qxd8+ Kxd8 13. 0-0-0+ Ke8 14. Kxb2 Be6 15. Na4 Nc8 16. Nc5 Bc4 17. Kc3 Nb6 18. Nb7 Bxa2 19. Rd8+ Kf7 20. Bxb6 cxb6 21. Ra1 1-0

[Event "Pula op 30th"]
[Site "Pula"]
[Date "2016.09.12"]
[Round "3"]
[White "Srbis, Jurica"]
[Black "Voscilla, Adriano"]
[Result "1-0"]
[WhiteElo "2415"]
[BlackElo "2186"]
[PlyCount "111"]
[EventDate "2016.09.10"]
[EventType "swiss"]
[EventRounds "9"]
[EventCountry "CRO"]
[SourceTitle "CBM 174 Extra"]
[Source "ChessBase"]
[SourceDate "2016.10.10"]
[SourceVersion "1"]
[SourceVersionDate "2016.10.10"]
[SourceQuality "1"]

1. e4 d5 2. exd5 Qxd5 3. Nc3 Qd6 4. d4 g6 5. Nb5 Qb6 6. Bf4 Na6 7. Qe2 Nf6 8. Qe5 Be6 9. Nxc7+ Nxc7 10. Qxc7 Qxb2 11. Rd1 Bg7 12. Bc1 Qb6 13. Qxb6 axb6 14. a3 Rc8 15. Bd3 Nd5 16. Ne2 Bf5 17. Bb5+ Bd7 18. Bd3 Ba4 19. Bd2 0-0 20. Rc1 b5 21. 0-0 Nb6 22. Bb4 Nd5 23. Bd2 Rfd8 24. Rfe1 Rd7 25. f4 e6 26. c3 Nb6 27. Rb1 Nc4 28. Bc1 Bf8 29. Ng3 Nxa3 30. Bxa3 Bxa3 31. Bxb5 Bxb5 32. Rxb5 Be7 33. Ne2 Ra8 34. Reb1 Ra7 35. Kf2 h5 36. Ke3 Rc7 37. Kd3 Rd7 38. Nc1 Kg7 39. Nb3 Ra3 40. Ra5 b6 41. Rxa3 Bxa3 42. Nd2 Bd6 43. g3 Rb7 44. c4 Rb8 45. Ra1 h4 46. Ra7 hxg3 47. hxg3 Rc8 48. Ne4 Bc7 49. d5 exd5 50. cxd5 Bd8 51. Nd6 Rc5 52. Nxf7 Bc7 53. Ng5 Rxd5+ 54. Ke4 Rd7 55. Rxc7 Rxc7 56. Ne6+ 1-0

[Event "Pula-ch"]
[Site "Pula"]
[Date "2015.01.26"]
[Round "4"]
[White "Voscilla, Adriano"]
[Black "Ciganovic, Nikola"]
[Result "1-0"]
[WhiteElo "2191"]
[BlackElo "2237"]
[PlyCount "87"]
[EventDate "2015.01.15"]
[EventType "swiss"]
[EventRounds "9"]
[EventCountry "CRO"]
[SourceTitle "EXT 2016"]
[Source "ChessBase"]
[SourceDate "2015.10.08"]
[SourceVersion "1"]
[SourceVersionDate "2015.10.08"]
[SourceQuality "1"]

1. d4 Nf6 2. c4 g6 3. Nc3 Bg7 4. e4 d6 5. Nf3 0-0 6. Be2 e5 7. 0-0 Na6 8. Re1 c6 9. h3 exd4 10. Nxd4 Nc5 11. Bf1 Re8 12. f3 Nh5 13. Be3 Be5 14. Qd2 Ng3 15. Rad1 Qh4 16. Qf2 g5 17. Nde2 Ne6 18. Rd2 Kh8 19. Red1 b6 20. Qe1 Nxe2+ 21. Nxe2 Qxe1 22. Rxe1 Ba6 23. Nd4 Nxd4 24. Bxd4 Bxd4+ 25. Rxd4 Re6 26. Red1 Rd8 27. b4 c5 28. bxc5 bxc5 29. Rd5 h6 30. Rxc5 Rc8 31. Rxc8+ Bxc8 32. Rb1 Kg7 33. Rb8 Re8 34. Ra8 a6 35. e5 dxe5 36. c5 Bd7 37. Rxa6 Rc8 38. Ra7 Be6 39. Ra5 Kf6 40. Bd3 Rd8 41. Bc2 Rd2 42. Bb3 Bd5 43. Ra6+ Kf5 44. Rd6 1-0

[Event "CRO-chT2 West"]
[Site "Croatia"]
[Date "2011.11.05"]
[Round "7.21"]
[White "Baljak, Jadranko"]
[Black "Voscilla, Adriano"]
[Result "1/2-1/2"]
[WhiteElo "1906"]
[BlackElo "2213"]
[PlyCount "110"]
[EventDate "2011.03.12"]
[EventType "team-tourn"]
[EventRounds "9"]
[EventCountry "CRO"]
[SourceTitle "EXT 2014"]
[Source "ChessBase"]
[SourceDate "2013.11.20"]
[SourceVersion "1"]
[SourceVersionDate "2013.11.20"]
[SourceQuality "1"]

1. d4 d5 2. c4 c6 3. e3 Nf6 4. Nf3 e6 5. b3 Nbd7 6. Bd3 Bd6 7. Bb2 0-0 8. 0-0 Re8 9. Ne5 Nf8 10. Nd2 N6d7 11. f4 f6 12. Nxd7 Bxd7 13. e4 dxe4 14. Nxe4 Be7 15. Qc2 f5 16. Nd2 Ng6 17. g3 c5 18. Nf3 cxd4 19. Bxd4 Bc6 20. Qb2 b6 21. Rad1 Qc7 22. Be2 Bc5 23. Bxc5 bxc5 24. Ne5 Nxe5 25. Qxe5 Qxe5 26. fxe5 Red8 27. Kf2 g5 28. Bf3 Bxf3 29. Kxf3 a5 30. Ke3 Kf7 31. Ke2 Ke7 32. h4 gxh4 33. gxh4 a4 34. Rg1 axb3 35. axb3 Ra2+ 36. Ke3 Rxd1 37. Rxd1 Rb2 38. Ra1 Rxb3+ 39. Kf4 Rd3 40. Ra7+ Rd7 41. Ra5 Rd4+ 42. Kg5 Rg4+ 43. Kh5 Rxc4 44. Ra7+ Kf8 45. Kg5 Rg4+ 46. Kh5 h6 47. Kxh6 Rxh4+ 48. Kg6 Ke8 49. Kf6 Rh6+ 50. Kg5 Rh2 51. Kf6 c4 52. Kxe6 Kd8 53. Kxf5 c3 54. Ra1 c2 55. Rc1 Ke7 1/2-1/2

[Event "Pula op 25th"]
[Site "Pula"]
[Date "2011.06.24"]
[Round "8"]
[White "Voscilla, Adriano"]
[Black "Loncar, Robert"]
[Result "0-1"]
[WhiteElo "2201"]
[BlackElo "2388"]
[PlyCount "66"]
[EventDate "2011.06.18"]
[EventType "swiss"]
[EventRounds "9"]
[EventCountry "CRO"]
[SourceTitle "CBM 143 Extra"]
[Source "ChessBase"]
[SourceDate "2011.08.29"]
[SourceVersion "1"]
[SourceVersionDate "2011.08.29"]
[SourceQuality "1"]

1. d4 d5 2. c4 dxc4 3. Nf3 Nf6 4. Nc3 c6 5. a4 Bg4 6. Ne5 Bh5 7. Nxc4 e6 8. Qb3 b6 9. g3 Be7 10. Bg2 0-0 11. 0-0 Nd5 12. e4 Nb4 13. d5 cxd5 14. exd5 exd5 15. Ne5 Nd7 16. Nxd7 Qxd7 17. Nxd5 Nxd5 18. Bxd5 Rad8 19. Bf3 Bxf3 20. Qxf3 Bf6 21. a5 Qb5 22. axb6 axb6 23. Ra3 Bd4 24. Rd1 Qc5 25. Kg2 Rde8 26. Rad3 Be5 27. b4 Qb5 28. Rd5 Qc4 29. Be3 Qxb4 30. Bd2 Qa4 31. Rb1 Re6 32. Be3 Rf6 33. Qe2 Qe4+ 0-1

[Event "CRO-chT2 West"]
[Site "Croatia"]
[Date "2011.04.09"]
[Round "4.51"]
[White "Belamaric, Goran"]
[Black "Voscilla, Adriano"]
[Result "1-0"]
[WhiteElo "2263"]
[BlackElo "2213"]
[PlyCount "59"]
[EventDate "2011.03.12"]
[EventType "team-tourn"]
[EventRounds "9"]
[EventCountry "CRO"]
[SourceTitle "EXT 2014"]
[Source "ChessBase"]
[SourceDate "2013.11.20"]
[SourceVersion "1"]
[SourceVersionDate "2013.11.20"]
[SourceQuality "1"]

1. e4 e5 2. Bc4 Nf6 3. d4 exd4 4. Nf3 Bc5 5. 0-0 d6 6. c3 d3 7. Qxd3 0-0 8. b4 Bb6 9. a4 a5 10. Bg5 Qe7 11. Nbd2 Bg4 12. Rfe1 Nc6 13. e5 dxe5 14. b5 Rad8 15. Qc2 Bxf3 16. Nxf3 Nb8 17. Nxe5 Qc5 18. Qa2 Ng4 19. Nxf7 Rd2 20. Nh6+ Kh8 21. Nf7+ Kg8 22. Nh6+ Kh8 23. Qxd2 Rxf2 24. Qd4 Qf8 25. Qxb6 cxb6 26. Nxg4 Rf5 27. Be7 Qe8 28. Rad1 Nd7 29. Ba3 Ne5 30. Nxe5 1-0

[Event "Pula op 22nd"]
[Site "Pula"]
[Date "2008.06.24"]
[Round "5"]
[White "Petran, Peter"]
[Black "Voscilla, Adriano"]
[Result "1-0"]
[WhiteElo "2368"]
[BlackElo "2200"]
[PlyCount "101"]
[EventDate "2008.06.21"]
[EventType "swiss"]
[EventRounds "9"]
[EventCountry "CRO"]
[SourceTitle "CBM 125 Extra"]
[Source "ChessBase"]
[SourceDate "2008.09.01"]
[SourceVersion "1"]
[SourceVersionDate "2008.09.01"]
[SourceQuality "1"]

1. g3 c5 2. Bg2 Nc6 3. e4 g6 4. Ne2 Bg7 5. 0-0 d6 6. c3 e5 7. d3 Nge7 8. Be3 0-0 9. d4 b6 10. d5 Nb8 11. f3 f5 12. a4 Nd7 13. Na3 Nf6 14. h3 Bd7 15. Nc4 Qc7 16. Rc1 a5 17. Qb3 b5 18. axb5 a4 19. Qa2 Bxb5 20. Rc2 Rfb8 21. Nxe5 Nexd5 22. exd5 dxe5 23. d6+ Qf7 24. Qxf7+ Kxf7 25. Bxc5 Rc8 26. Ba3 Nd5 27. f4 e4 28. Kf2 Bc4 29. Re1 h6 30. Rcc1 Ra7 31. Nd4 Rd7 32. Bf1 Bf8 33. Bxc4 Rxc4 34. Rcd1 Bxd6 35. Bxd6 Rxd6 36. Nb5 Rd7 37. Na3 Rcc7 38. Rd4 Ke6 39. Rxa4 Nb6 40. Ra6 Rd6 41. Nb5 Rd2+ 42. Re2 Rxe2+ 43. Kxe2 Rb7 44. c4 Ke7 45. b3 g5 46. Nd4 gxf4 47. gxf4 Nd7 48. Nxf5+ Kf8 49. Ra8+ Nb8 50. Nd4 Kf7 51. c5 1-0

[Event "CRO Cup 17th"]
[Site "Sibenik"]
[Date "2008.05.24"]
[Round "4"]
[White "Loncar, Robert"]
[Black "Voscilla, Adriano"]
[Result "1-0"]
[WhiteElo "2441"]
[BlackElo "2200"]
[PlyCount "50"]
[EventDate "2008.05.21"]
[EventType "swiss"]
[EventRounds "5"]
[EventCountry "CRO"]
[SourceTitle "CBM 124 Extra"]
[Source "ChessBase"]
[SourceDate "2008.07.03"]
[SourceVersion "1"]
[SourceVersionDate "2008.07.03"]
[SourceQuality "1"]

1. d4 Nf6 2. c4 c5 3. d5 b5 4. Qc2 bxc4 5. e4 d6 6. Bxc4 g6 7. Nf3 Bg7 8. 0-0 Nbd7 9. Nc3 0-0 10. h3 Nb6 11. Be2 Ne8 12. Bf4 Nc7 13. Rad1 Bb7 14. Rfe1 Qd7 15. Bf1 a6 16. a4 Bxc3 17. bxc3 Qxa4 18. Qb2 Ncxd5 19. exd5 Bxd5 20. Bh6 Bxf3 21. c4 f6 22. gxf3 Rfb8 23. Rxe7 Nd5 24. Rg7+ Kh8 25. Rb7 Rf8 1-0

[Event "Zadar op"]
[Site "Zadar"]
[Date "2000.12.16"]
[Round "8"]
[White "Voscilla, Adriano"]
[Black "Zezelj, Vladislav"]
[Result "0-1"]
[WhiteElo "2292"]
[BlackElo "2149"]
[PlyCount "22"]
[EventDate "2000.12.09"]
[EventType "swiss"]
[EventRounds "9"]
[EventCountry "CRO"]
[SourceTitle "CBM 079 Extra"]
[Source "ChessBase"]
[SourceDate "2001.01.11"]
[SourceVersion "2"]
[SourceVersionDate "2001.01.25"]
[SourceQuality "1"]

1. Nf3 g6 2. g3 Bg7 3. Bg2 c5 4. c4 Nc6 5. Nc3 d6 6. 0-0 Bd7 7. h3 Nf6 8. d4 cxd4 9. Nxd4 Nxd4 10. Qxd4 Qc8 11. Kh2 Ng4+ 0-1

[Event "Zadar op"]
[Site "Zadar"]
[Date "2000.12.15"]
[Round "7"]
[White "Loncar, Robert"]
[Black "Voscilla, Adriano"]
[Result "1-0"]
[WhiteElo "2415"]
[BlackElo "2292"]
[PlyCount "109"]
[EventDate "2000.12.09"]
[EventType "swiss"]
[EventRounds "9"]
[EventCountry "CRO"]
[SourceTitle "CBM 079 Extra"]
[Source "ChessBase"]
[SourceDate "2001.01.11"]
[SourceVersion "2"]
[SourceVersionDate "2001.01.25"]
[SourceQuality "1"]

1. d4 Nf6 2. Nf3 c5 3. d5 g6 4. c4 b5 5. Nbd2 Qa5 6. Qc2 d6 7. e4 Bg7 8. cxb5 a6 9. b6 e6 10. dxe6 Bxe6 11. Ng5 Nc6 12. Bc4 Bxc4 13. Qxc4 Ne5 14. Qc2 Qb5 15. a4 Qxb6 16. f4 Nc6 17. Nc4 Qd8 18. e5 Nd4 19. Qd3 dxe5 20. fxe5 0-0 21. 0-0 Ng4 22. Bf4 Nc6 23. Qxd8 Raxd8 24. e6 Bd4+ 25. Kh1 fxe6 26. Nxe6 Nf2+ 27. Rxf2 Bxf2 28. Nxf8 Rxf8 29. g3 Re8 30. Kg2 Bd4 31. Kf3 Bf6 32. Be3 Nd4+ 33. Bxd4 Bxd4 34. Rd1 Rf8+ 35. Ke4 Rf2 36. b4 Rxh2 37. b5 axb5 38. axb5 Bf2 39. Kf3 Bd4 40. Ke4 Rc2 41. Kd5 Rc3 42. b6 Bf2 43. b7 Bxg3 44. Rg1 Bb8 45. Ra1 Rb3 46. Kc6 Kg7 47. Ra8 Bf4 48. Rd8 h5 49. Re8 g5 50. Nb6 c4 51. Re7+ Kg6 52. Rc7 Bxc7 53. Kxc7 c3 54. b8Q c2 55. Qe8+ 1-0

[Event "CRO-chT"]
[Site "Pula"]
[Date "2000.09.14"]
[Round "4"]
[White "Voscilla, Adriano"]
[Black "Vargic, Drago"]
[Result "1-0"]
[WhiteElo "2292"]
[BlackElo "2297"]
[PlyCount "90"]
[EventDate "2000.09.??"]
[EventType "team"]
[EventRounds "9"]
[EventCountry "CRO"]
[SourceTitle "CBM 078 Extra"]
[Source "ChessBase"]
[SourceDate "2000.11.10"]
[SourceVersion "1"]
[SourceVersionDate "2000.11.10"]
[SourceQuality "1"]

1. Nf3 Nf6 2. g3 c5 3. Bg2 Nc6 4. c4 e6 5. Nc3 d5 6. cxd5 exd5 7. d4 c4 8. 0-0 Be7 9. b3 Bb4 10. Bd2 0-0 11. Qc2 cxb3 12. Qxb3 Re8 13. e3 b6 14. Ne5 Nxe5 15. dxe5 Bxc3 16. Bxc3 Ne4 17. Rfd1 Nxc3 18. Qxc3 Bb7 19. f4 Rc8 20. Qb3 Rc5 21. Rd4 Qc7 22. Bxd5 Rc8 23. Bxb7 Qxb7 24. Rad1 Rc1 25. Qd5 Qxd5 26. Rxd5 g6 27. Kf2 Rxd1 28. Rxd1 Rc2+ 29. Kf3 Rxa2 30. Rd8+ Kg7 31. Rd7 Kf8 32. e6 fxe6 33. Rxh7 a5 34. Rb7 Rb2 35. Ke4 a4 36. Ra7 b5 37. Ke5 Ra2 38. Kxe6 b4 39. Kf6 Ke8 40. e4 a3 41. e5 Re2 42. e6 Kd8 43. Kf7 Kc8 44. e7 Kb8 45. Ra4 Kc7 1-0

[Event "CRO-Cup"]
[Site "Pula"]
[Date "2000.??.??"]
[Round "5"]
[White "Juranic, Bruno"]
[Black "Voscilla, Adriano"]
[Result "1/2-1/2"]
[WhiteElo "2023"]
[BlackElo "2310"]
[PlyCount "95"]
[EventDate "2000.??.??"]
[EventType "team"]
[EventRounds "5"]
[EventCountry "CRO"]
[SourceTitle "EXT 2001"]
[Source "ChessBase"]
[SourceDate "2000.11.22"]
[SourceVersion "1"]
[SourceVersionDate "2000.11.22"]
[SourceQuality "1"]

1. e4 e5 2. d4 exd4 3. Qxd4 Nc6 4. Qe3 Nf6 5. Nc3 Nb4 6. Bd3 d6 7. a3 Nxd3+ 8. Qxd3 Be7 9. f3 0-0 10. g4 Nxg4 11. fxg4 Bh4+ 12. Kd1 Bxg4+ 13. Nge2 f5 14. exf5 Bxf5 15. Qd5+ Kh8 16. Rg1 Bf2 17. Rg5 c6 18. Qg2 Qd7 19. Bd2 Bh4 20. Rh5 Bh3 21. Qe4 Rf1+ 22. Be1 g5 23. Rxh4 gxh4 24. Qxh4 d5 25. Qd4+ Qg7 26. Qxg7+ Kxg7 27. Kd2 Rh1 28. Rd1 Rxh2 29. Bg3 Rg2 30. Rh1 Bg4 31. Rh4 Bxe2 32. Nxe2 Re8 33. Rg4+ Kf7 34. Rf4+ Kg6 35. Rf2 Rxe2+ 36. Rxe2 Rxg3 37. Re7 Rf3 38. Rxb7 Rf7 39. Rb4 h5 40. Ke3 Kg5 41. Rb8 Kg4 42. Rg8+ Kh3 43. a4 h4 44. a5 Rb7 45. b3 Rb5 46. Rg6 Rc5 47. Kd3 Kh2 48. a6 1/2-1/2

[Event "CRO-Cup"]
[Site "Pula"]
[Date "1995.??.??"]
[Round "3"]
[White "Doric, Nenad"]
[Black "Voscilla, Adriano"]
[Result "1/2-1/2"]
[WhiteElo "2265"]
[BlackElo "2315"]
[PlyCount "50"]
[EventDate "1995.??.??"]
[EventType "team"]
[EventRounds "5"]
[EventCountry "CRO"]
[SourceTitle "EXT 1997"]
[Source "ChessBase"]
[SourceDate "1996.11.15"]
[SourceVersion "1"]
[SourceVersionDate "1996.11.15"]
[SourceQuality "1"]

1. e4 e5 2. Nf3 Nc6 3. Nc3 Nf6 4. Bb5 d6 5. d4 Bd7 6. 0-0 Be7 7. Re1 exd4 8. Nxd4 0-0 9. Bxc6 bxc6 10. Bf4 c5 11. Nf3 Rb8 12. e5 dxe5 13. Bxe5 Bd6 14. Nd5 Nxd5 15. Qxd5 Be6 16. Qe4 Bxe5 17. Qxe5 Qd6 18. Qc3 h6 19. Rad1 Qb6 20. b3 Rfd8 21. Ne5 Rd4 22. Nf3 Rd6 23. Rd3 Rbd8 24. Rde3 Qb4 25. Qe5 Qa3 1/2-1/2

[Event "CRO-Cup"]
[Site "Pula"]
[Date "1995.??.??"]
[Round "2"]
[White "Voscilla, Adriano"]
[Black "Nikolac, Juraj"]
[Result "0-1"]
[WhiteElo "2315"]
[BlackElo "2455"]
[PlyCount "76"]
[EventDate "1995.??.??"]
[EventType "team"]
[EventRounds "5"]
[EventCountry "CRO"]
[SourceTitle "EXT 1997"]
[Source "ChessBase"]
[SourceDate "1996.11.15"]
[SourceVersion "1"]
[SourceVersionDate "1996.11.15"]
[SourceQuality "1"]

1. Nf3 d5 2. c4 c6 3. b3 Bg4 4. Bb2 Nd7 5. cxd5 cxd5 6. Nc3 Ngf6 7. Rc1 a6 8. e3 e6 9. Be2 Bd6 10. 0-0 0-0 11. Nd4 Bxe2 12. Ncxe2 Re8 13. f4 Qb6 14. Nf3 a5 15. Kh1 a4 16. Bd4 Qa6 17. bxa4 Ne4 18. Nc3 Nxc3 19. Rxc3 f6 20. Rc1 Qxa4 21. Rb1 Qxd1 22. Rfxd1 Reb8 23. Rb2 b5 24. Rdb1 b4 25. Rc2 Ra6 26. Rbc1 Kf7 27. Kg1 Ke7 28. Kf1 e5 29. fxe5 fxe5 30. Ba1 Rba8 31. Rb1 Rxa2 32. Bb2 Nb6 33. d3 Na4 34. Rf2 Nxb2 35. Rfxb2 Kd7 36. Nd2 g6 37. Ke2 R8a3 38. Nb3 Rxb3 0-1

[Event "CRO-Cup"]
[Site "Pula"]
[Date "1994.??.??"]
[Round "5"]
[White "Bilobrk, Franjo"]
[Black "Voscilla, Adriano"]
[Result "0-1"]
[WhiteElo "2345"]
[BlackElo "2320"]
[PlyCount "70"]
[EventDate "1994.??.??"]
[EventType "swiss"]
[EventRounds "5"]
[EventCountry "CRO"]
[SourceTitle "EXT 1997"]
[Source "ChessBase"]
[SourceDate "1996.11.15"]
[SourceVersion "1"]
[SourceVersionDate "1996.11.15"]
[SourceQuality "1"]

1. Nf3 Nf6 2. c4 c5 3. g3 d5 4. cxd5 Nxd5 5. Bg2 g6 6. 0-0 Bg7 7. Nc3 0-0 8. d4 cxd4 9. Nxd4 Nb6 10. Ndb5 Nc6 11. a4 a6 12. Qxd8 Rxd8 13. Nc7 Rb8 14. N7d5 Nxd5 15. Nxd5 Be6 16. Nb6 Bd4 17. a5 Nxa5 18. Bf4 Bxb6 19. Bxb8 Rxb8 20. b4 Nc4 21. Rfd1 Nd6 22. e4 g5 23. e5 Nc4 24. b5 a5 25. Re1 Bd4 26. Ra4 b6 27. Rc1 Rc8 28. Bc6 Nxe5 29. Rxd4 Nf3+ 30. Bxf3 Rxc1+ 31. Kg2 Bc4 32. Bc6 Bf1+ 33. Kf3 Rc3+ 34. Kg4 Rc4 35. Rxc4 Bxc4 0-1

[Event "Pula PCA op"]
[Site "Pula"]
[Date "1994.??.??"]
[Round "?"]
[White "Jukic, Zdenko"]
[Black "Voscilla, Adriano"]
[Result "1-0"]
[WhiteElo "2230"]
[BlackElo "2320"]
[PlyCount "66"]
[EventDate "1994.10.??"]
[EventType "swiss"]
[EventRounds "9"]
[EventCountry "CRO"]
[SourceTitle "EXT 1997"]
[Source "ChessBase"]
[SourceDate "1996.11.15"]
[SourceVersion "1"]
[SourceVersionDate "1996.11.15"]
[SourceQuality "1"]

1. Nf3 Nf6 2. g3 c5 3. Bg2 g6 4. 0-0 Bg7 5. d3 d5 6. c3 Nc6 7. Qa4 0-0 8. Qh4 Qd6 9. e4 dxe4 10. dxe4 Ng4 11. h3 Nge5 12. Na3 Nxf3+ 13. Bxf3 Qf6 14. Qxf6 Bxf6 15. Kg2 e5 16. Nb5 Rb8 17. Be3 b6 18. Rfd1 Bd8 19. Bh6 Re8 20. Nd6 Re7 21. Nxc8 Rxc8 22. Bg4 Rb8 23. Rd6 Rc7 24. Rad1 Be7 25. Rd7 Rbb7 26. f4 Rxd7 27. Bxd7 Na5 28. Bb5 exf4 29. b4 g5 30. bxa5 bxa5 31. Rd7 Rb6 32. Rxe7 Rxh6 33. Bc4 Rf6 1-0

[Event "CRO-Cup"]
[Site "Pula"]
[Date "1994.??.??"]
[Round "3"]
[White "Mufic, Goran"]
[Black "Voscilla, Adriano"]
[Result "1-0"]
[WhiteElo "2315"]
[BlackElo "2320"]
[PlyCount "105"]
[EventDate "1994.??.??"]
[EventType "swiss"]
[EventRounds "5"]
[EventCountry "CRO"]
[SourceTitle "EXT 1997"]
[Source "ChessBase"]
[SourceDate "1996.11.15"]
[SourceVersion "1"]
[SourceVersionDate "1996.11.15"]
[SourceQuality "1"]

1. d4 Nf6 2. Nf3 g6 3. c3 Bg7 4. Bg5 c5 5. e3 b6 6. Nbd2 Bb7 7. Bd3 0-0 8. 0-0 Nc6 9. h3 Rc8 10. Qe2 Rc7 11. Rfe1 d6 12. Rad1 Qa8 13. Ba6 Nd8 14. Bxb7 Qxb7 15. Qd3 h6 16. Bxf6 Bxf6 17. d5 b5 18. e4 Qb6 19. e5 dxe5 20. Nxe5 Nb7 21. Qe3 h5 22. Ndf3 Nd6 23. g4 hxg4 24. hxg4 Nc4 25. Nxc4 bxc4 26. Rd2 Qa6 27. Ng5 Rd8 28. Ne4 Bg7 29. a3 Qc8 30. f3 Qa8 31. Qf4 Qb8 32. Kg2 Rb7 33. Qxb8 Rdxb8 34. Ree2 Rb5 35. d6 e6 36. d7 Rd8 37. Nd6 Rb6 38. Nxc4 Rb7 39. Kf2 Rbxd7 40. Rxd7 Rxd7 41. Rd2 Rxd2+ 42. Nxd2 f5 43. Nb3 Bf8 44. Na5 Kf7 45. Nc6 Bh6 46. Ke2 Kf6 47. Nxa7 Bc1 48. Nb5 c4 49. a4 Ke7 50. Kd1 Bf4 51. Na3 e5 52. gxf5 gxf5 53. Ke2 1-0

[Event "CRO-Cup"]
[Site "Pula"]
[Date "1994.??.??"]
[Round "2"]
[White "Voscilla, Adriano"]
[Black "Golubovic, Boris"]
[Result "0-1"]
[WhiteElo "2320"]
[BlackElo "2400"]
[PlyCount "87"]
[EventDate "1994.??.??"]
[EventType "swiss"]
[EventRounds "5"]
[EventCountry "CRO"]
[SourceTitle "EXT 1997"]
[Source "ChessBase"]
[SourceDate "1996.11.15"]
[SourceVersion "1"]
[SourceVersionDate "1996.11.15"]
[SourceQuality "1"]

1. Nf3 d5 2. c4 c6 3. b3 Bg4 4. Bb2 e6 5. Ne5 Bh5 6. g4 Bg6 7. h4 Be4 8. f3 Bxb1 9. Qxb1 f6 10. Nd3 Bd6 11. f4 Nd7 12. Bg2 Nh6 13. Bf3 Qe7 14. g5 Nf5 15. Qc2 Ba3 16. Nf2 Bxb2 17. Qxb2 0-0 18. Ng4 b5 19. cxb5 cxb5 20. Rc1 Qd6 21. gxf6 gxf6 22. e3 e5 23. Qc2 e4 24. Be2 a6 25. Kf2 Kf7 26. Nh2 Ne7 27. Bh5+ Ke6 28. Ng4 f5 29. Nh6 Rf6 30. Bf7+ Rxf7 31. Nxf7 Kxf7 32. Rhg1 Qh6 33. Qb2 Qxh4+ 34. Kf1 Nf6 35. Rc7 Ng4 36. Rxg4 fxg4 37. Qe5 Rd8 38. Qf5+ Ke8 39. Qe5 Kf7 40. Qf5+ Qf6 41. Qxh7+ Kf8 42. Kg2 d4 43. Rc5 dxe3 44. dxe3 0-1

[Event "Pula op"]
[Site "Pula"]
[Date "1990.??.??"]
[Round "4"]
[White "Faibisovich, Vadim Z"]
[Black "Voscilla, Adriano"]
[Result "1-0"]
[WhiteElo "2410"]
[BlackElo "2305"]
[PlyCount "77"]
[EventDate "1990.??.??"]
[EventType "swiss"]
[EventRounds "9"]
[EventCountry "YUG"]
[SourceTitle "EXT 2000"]
[Source "ChessBase"]
[SourceDate "1999.11.16"]
[SourceVersion "1"]
[SourceVersionDate "1999.11.16"]
[SourceQuality "1"]

1. e4 e5 2. Nf3 Nc6 3. Bb5 a6 4. Bxc6 dxc6 5. Nc3 f6 6. d4 exd4 7. Qxd4 Qxd4 8. Nxd4 Bd6 9. Nde2 Be6 10. Bf4 0-0-0 11. 0-0-0 Ne7 12. h4 Bc5 13. Bg3 Bf7 14. Rxd8+ Rxd8 15. Rd1 Ng6 16. Rxd8+ Kxd8 17. Kd2 Ne5 18. b3 Ng4 19. Nd1 Bd6 20. Ne3 Nxe3 21. Kxe3 b5 22. Kd3 Kd7 23. f3 Bxg3 24. Nxg3 g5 25. Kd4 gxh4 26. Nf5 h3 27. gxh3 Bh5 28. f4 Bd1 29. Ne3 Bf3 30. b4 Kd6 31. c3 Ke6 32. f5+ Ke7 33. e5 Bh1 34. Ng4 fxe5+ 35. Kxe5 Bd5 36. a3 Bc4 37. Nf6 h6 38. Ne4 h5 39. h4 1-0